00511nam a2200181 a 450000500170000000800410001702000180005805000300007610000200010624500490012626000320017530000300020752100070023765000210024465000190026565000250028465000200030920140310183531.0111109s19uu xx 00 eng d a9789712723704 aQA 76.73.B3 b.Ab117 2010 aAbante, Marmelo aBasic office applications /cMarmelo Abante. aPasig City :bAnvil,c2010. a285 p. :bill. ;c23 cm.  aIT aMicrosoft Office aMicrosoft Word aMicrosoft Powerpoint aMicrosoft Excel